Представление документа в формате MARC21

ПолеНазваниеЗначение
  Тип записи a
  Библиографический уровень m
001 Контрольный номер RU/URAIT/587133
005 Дата корректировки 20260429163708.4
008 Кодируемые данные 260429s2026 RU y f j 000 0 rus u
020 Индекс ISBN __
a ISBN 978-5-534-10612-1
c Цена, тираж 1519.00
040 Источник каталогиз. __
a Служба первич. каталог. ИКО Юрайт
c Служба, преобразующая запись ИКО Юрайт
e Правила каталог. RCR
041 Код языка издания __
a Код языка текста rus
044 Код страны публикации __
a Код страны публикации RU
080 Индекс УДК __
a Индекс УДК 330(075.8)
084 Индекс другой классификации/Индекс ББК __
2 Источник индекса rubbk
a Индекс другой классификации/Индекс ББК 65я73
100 Автор __
a Автор Назин К. Н.
q Полное имя Назин Константин Николаевич
245 Заглавие __
a Заглавие Экономика России. Инфраструктура
b Продолж. заглавия учебник для вузов
c Ответственность К. Н. Назин, Д. И. Кокурин.
256 Характеристики компьютерного файла __
a Характеристики компьютерного файла Электрон. дан.
260 Выходные данные __
a Место издания Москва
b Издательство Юрайт
c Дата издания 2026
300 Физическое описание __
a Объем 277 с
440 Серия __
a Серия Высшее образование
500 Примечания __
a Примечание URL: https://urait.ru/bcode/587133 (дата обращения: 29.04.2026).
520 Аннотация __
a Аннотация В учебнике подробно рассматривается понятие экономической инфраструктуры и ее виды, а также ее история и развитие в период реформ и 2000-е гг. Авторы провели глубокий и объективный анализ современного положения инфраструктуры в экономической системе страны и привели прогнозы перспектив ее развития. Данная работа ставит цель определения «узких мест» в инфраструктурном потенциале экономики России и путей их устранения. Учебник предназначен для студентов высших учебных заведений, обучающихся по экономическим направлениям, а также для представителей государственного и муниципального управления и всех интересующихся проблемами современной экономики России
538 Прим. о системных особенностях __
a Прим. о системных особенностях Режим доступа: Электронно-библиотечная система Юрайт, для авториз. пользователей
653 Ключевые слова __
a Ключевые слова Макроэкономика
653 Ключевые слова __
a Ключевые слова Экономические науки
653 Ключевые слова __
a Ключевые слова Государственное регулирование национальной экономики
653 Ключевые слова __
a Ключевые слова Методы исследования и моделирование национальной экономики
653 Ключевые слова __
a Ключевые слова Национальная экономика
653 Ключевые слова __
a Ключевые слова Прогнозирование национальной экономики
653 Ключевые слова __
a Ключевые слова Экономика России
653 Ключевые слова __
a Ключевые слова Экономика стран(ы) региона специализации
653 Ключевые слова __
a Ключевые слова Кластеры в экономике России
653 Ключевые слова __
a Ключевые слова Технические средства информатизации
653 Ключевые слова __
a Ключевые слова Инварианты российской экономики
653 Ключевые слова __
a Ключевые слова Российская экономика
653 Ключевые слова __
a Ключевые слова Собственность в системе современной экономики России
653 Ключевые слова __
a Ключевые слова ТЭК в экономике России
653 Ключевые слова __
a Ключевые слова Эволюция экономики России и становление русской экономической мысли (XV–XX вв.)
653 Ключевые слова __
a Ключевые слова Экономика стран зарубежной Европы
653 Ключевые слова __
a Ключевые слова Экономика стран региона специализации
653 Ключевые слова __
a Ключевые слова Трансформация российской экономики
653 Ключевые слова __
a Ключевые слова Социальные проблемы информатизации
653 Ключевые слова __
a Ключевые слова Экономика и управление народным хозяйством (экономика предпринимательства)
653 Ключевые слова __
a Ключевые слова Экономика стран региона
653 Ключевые слова __
a Ключевые слова Механизмы государственного регулирования национальной экономики
653 Ключевые слова __
a Ключевые слова Планирование пространственного развития национальной экономики
653 Ключевые слова __
a Ключевые слова Инновационное развитие национальных народнохозяйственных комплексов
653 Ключевые слова __
a Ключевые слова Развитие экономики России
653 Ключевые слова __
a Ключевые слова Экономика отраслей народного хозяйства
653 Ключевые слова __
a Ключевые слова Технология отраслей промышленности
653 Ключевые слова __
a Ключевые слова Инфраструктура товарного рынка
653 Ключевые слова __
a Ключевые слова Интеграционные Процессы в национальной экономике
653 Ключевые слова __
a Ключевые слова Проблемы коммерческой инфраструктуры национальной экономики
653 Ключевые слова __
a Ключевые слова Маркетинг в инновационном развитии национальной экономики
653 Ключевые слова __
a Ключевые слова Маркетинговое обеспечение модернизации экономики России
653 Ключевые слова __
a Ключевые слова Тенденции развития национальной экономики
653 Ключевые слова __
a Ключевые слова Инфраструктура рынка
653 Ключевые слова __
a Ключевые слова Финансовая инфраструктура национальной экономики
653 Ключевые слова __
a Ключевые слова Основы экономики народного хозяйства
653 Ключевые слова __
a Ключевые слова Тренды мировой и национальной экономики
653 Ключевые слова __
a Ключевые слова Сравнительная экономика стран мира
653 Ключевые слова __
a Ключевые слова Экономический потенциал России
653 Ключевые слова __
a Ключевые слова Управление IT-инфраструктурой предприятия
653 Ключевые слова __
a Ключевые слова Современная российская экономика
653 Ключевые слова __
a Ключевые слова Экономика информатизации
653 Ключевые слова __
a Ключевые слова Инфраструктура национальной экономики
653 Ключевые слова __
a Ключевые слова Конкурентоспособность национальной экономики
653 Ключевые слова __
a Ключевые слова Экономика народного хозяйства
653 Ключевые слова __
a Ключевые слова Управление отраслями народного хозяйства т социальной сферой
653 Ключевые слова __
a Ключевые слова Экономика региона и России
653 Ключевые слова __
a Ключевые слова Экономика России и региона
653 Ключевые слова __
a Ключевые слова Теория и практика управления народным хозяйством
653 Ключевые слова __
a Ключевые слова Управление инфраструктурой компании
653 Ключевые слова __
a Ключевые слова Экономический потенциал Российской Федерации
653 Ключевые слова __
a Ключевые слова Введение в национальную экономику
653 Ключевые слова __
a Ключевые слова Политика и экономика стран Востока
653 Ключевые слова __
a Ключевые слова Инфраструктура рынка товаров и услуг
653 Ключевые слова __
a Ключевые слова Экономика страны региона специализации - Китай
653 Ключевые слова __
a Ключевые слова Актуальные проблемы национальной экономики
653 Ключевые слова __
a Ключевые слова Методология прогнозирования и программирования развития национальной экономики
653 Ключевые слова __
a Ключевые слова Производственная инфраструктура предприятия
653 Ключевые слова __
a Ключевые слова Прогнозирование и программирование развития национальной экономики
653 Ключевые слова __
a Ключевые слова Современная экономика России
653 Ключевые слова __
a Ключевые слова Теория и практика прогнозирования и программирования развития национальной экономики
653 Ключевые слова __
a Ключевые слова Регион в системе национальной экономики
653 Ключевые слова __
a Ключевые слова Учет в отраслях народного хозяйства
653 Ключевые слова __
a Ключевые слова Экономика и организация сетевой структуры в народнохозяйственном комплексе страны
653 Ключевые слова __
a Ключевые слова Экономика и управление народным хозяйством (связь и информатизация)
653 Ключевые слова __
a Ключевые слова Национальная экономика (продвинутый курс)
653 Ключевые слова __
a Ключевые слова Экономика и управление народным хозяйством (по отраслям и сферам деятельности)
653 Ключевые слова __
a Ключевые слова Проблемы стратегического развития национальной экономики
653 Ключевые слова __
a Ключевые слова Теория и практика национальной экономики России
653 Ключевые слова __
a Ключевые слова Актуальные проблемы развития народного хозяйства
653 Ключевые слова __
a Ключевые слова Инфраструктурное обеспечение деятельности предприятий
653 Ключевые слова __
a Ключевые слова Инфраструктура потребительского рынка
653 Ключевые слова __
a Ключевые слова Национальной экономики
653 Ключевые слова __
a Ключевые слова Системы кластеров в национальной экономике
653 Ключевые слова __
a Ключевые слова Современная политика развития национальной экономики
653 Ключевые слова __
a Ключевые слова Структура экономики стран профильного региона
653 Ключевые слова __
a Ключевые слова Инфраструктура предприятия
653 Ключевые слова __
a Ключевые слова Социально-экономическая инфраструктура муниципального образования
653 Ключевые слова __
a Ключевые слова Правовые основы национальной экономики
653 Ключевые слова __
a Ключевые слова Оценка эффективности информатизации предприятия
653 Ключевые слова __
a Ключевые слова Экономика стран Восточной Азии
653 Ключевые слова __
a Ключевые слова Генезис экономических процессов
653 Ключевые слова __
a Ключевые слова Информатизация и коммуникации в сервисе
653 Ключевые слова __
a Ключевые слова Экономика современной России
653 Ключевые слова __
a Ключевые слова Экономика стран Восточной и Юго-Восточной Азии
653 Ключевые слова __
a Ключевые слова Экономика стран Северо-Восточной Азии
653 Ключевые слова __
a Ключевые слова Актуальные проблемы социальной, экономической и национальной экономики
653 Ключевые слова __
a Ключевые слова Прогнозирование и планирование национальной экономики
653 Ключевые слова __
a Ключевые слова Рыночные институты и инфраструктура
653 Ключевые слова __
a Ключевые слова Современные технологии отраслей промышленности
700 Другие авторы __
a Другие авторы Кокурин Д. И.
q Полное имя Кокурин Дмитрий Иванович
856 Электронный адрес документа 40
n Местонахождение сервера Юрайт
g Электронная книга
q Тип электронного формата html
h Имя пользователя ЮРАЙТ
v Часы доступа к ресурсу 20271231
2 Способ доступа Показать документ
x Служебное примечание https://urait.ru/book/cover/E81586AC-2743-4B8F-B27B-3D5E4C7B707E
u URL https://urait.ru/bcode/587133
856 Электронный адрес документа 48
q Тип электронного формата cover
u URL https://urait.ru/book/cover/E81586AC-2743-4B8F-B27B-3D5E4C7B707E
911 __
u 0030=https://urait.ru/bcode/587133
911 __
u 073a=9785534106121
u 073d=1519.00
911 __
u 106a=s
911 __
u 900l=
952 Тип литературы __
i Дисциплина Государственное регулирование национальной экономики
952 Тип литературы __
i Дисциплина Методы исследования и моделирование национальной экономики
952 Тип литературы __
i Дисциплина Национальная экономика
952 Тип литературы __
i Дисциплина Прогнозирование национальной экономики
952 Тип литературы __
i Дисциплина Экономика России
952 Тип литературы __
i Дисциплина Экономика стран(ы) региона специализации
952 Тип литературы __
i Дисциплина Кластеры в экономике России
952 Тип литературы __
i Дисциплина Технические средства информатизации
952 Тип литературы __
i Дисциплина Инварианты российской экономики
952 Тип литературы __
i Дисциплина Российская экономика
952 Тип литературы __
i Дисциплина Собственность в системе современной экономики России
952 Тип литературы __
i Дисциплина ТЭК в экономике России
952 Тип литературы __
i Дисциплина Эволюция экономики России и становление русской экономической мысли (XV–XX вв.)
952 Тип литературы __
i Дисциплина Экономика стран зарубежной Европы
952 Тип литературы __
i Дисциплина Экономика стран региона специализации
952 Тип литературы __
i Дисциплина Трансформация российской экономики
952 Тип литературы __
i Дисциплина Социальные проблемы информатизации
952 Тип литературы __
i Дисциплина Экономика и управление народным хозяйством (экономика предпринимательства)
952 Тип литературы __
i Дисциплина Экономика стран региона
952 Тип литературы __
i Дисциплина Механизмы государственного регулирования национальной экономики
952 Тип литературы __
i Дисциплина Планирование пространственного развития национальной экономики
952 Тип литературы __
i Дисциплина Инновационное развитие национальных народнохозяйственных комплексов
952 Тип литературы __
i Дисциплина Развитие экономики России
952 Тип литературы __
i Дисциплина Экономика отраслей народного хозяйства
952 Тип литературы __
i Дисциплина Технология отраслей промышленности
952 Тип литературы __
i Дисциплина Инфраструктура товарного рынка
952 Тип литературы __
i Дисциплина Интеграционные Процессы в национальной экономике
952 Тип литературы __
i Дисциплина Проблемы коммерческой инфраструктуры национальной экономики
952 Тип литературы __
i Дисциплина Маркетинг в инновационном развитии национальной экономики
952 Тип литературы __
i Дисциплина Маркетинговое обеспечение модернизации экономики России
952 Тип литературы __
i Дисциплина Тенденции развития национальной экономики
952 Тип литературы __
i Дисциплина Инфраструктура рынка
952 Тип литературы __
i Дисциплина Финансовая инфраструктура национальной экономики
952 Тип литературы __
i Дисциплина Основы экономики народного хозяйства
952 Тип литературы __
i Дисциплина Тренды мировой и национальной экономики
952 Тип литературы __
i Дисциплина Сравнительная экономика стран мира
952 Тип литературы __
i Дисциплина Экономический потенциал России
952 Тип литературы __
i Дисциплина Управление IT-инфраструктурой предприятия
952 Тип литературы __
i Дисциплина Современная российская экономика
952 Тип литературы __
i Дисциплина Экономика информатизации
952 Тип литературы __
i Дисциплина Инфраструктура национальной экономики
952 Тип литературы __
i Дисциплина Конкурентоспособность национальной экономики
952 Тип литературы __
i Дисциплина Экономика народного хозяйства
952 Тип литературы __
i Дисциплина Управление отраслями народного хозяйства т социальной сферой
952 Тип литературы __
i Дисциплина Экономика региона и России
952 Тип литературы __
i Дисциплина Экономика России и региона
952 Тип литературы __
i Дисциплина Теория и практика управления народным хозяйством
952 Тип литературы __
i Дисциплина Управление инфраструктурой компании
952 Тип литературы __
i Дисциплина Экономический потенциал Российской Федерации
952 Тип литературы __
i Дисциплина Введение в национальную экономику
952 Тип литературы __
i Дисциплина Политика и экономика стран Востока
952 Тип литературы __
i Дисциплина Инфраструктура рынка товаров и услуг
952 Тип литературы __
i Дисциплина Экономика страны региона специализации - Китай
952 Тип литературы __
i Дисциплина Актуальные проблемы национальной экономики
952 Тип литературы __
i Дисциплина Методология прогнозирования и программирования развития национальной экономики
952 Тип литературы __
i Дисциплина Производственная инфраструктура предприятия
952 Тип литературы __
i Дисциплина Прогнозирование и программирование развития национальной экономики
952 Тип литературы __
i Дисциплина Современная экономика России
952 Тип литературы __
i Дисциплина Теория и практика прогнозирования и программирования развития национальной экономики
952 Тип литературы __
i Дисциплина Регион в системе национальной экономики
952 Тип литературы __
i Дисциплина Учет в отраслях народного хозяйства
952 Тип литературы __
i Дисциплина Экономика и организация сетевой структуры в народнохозяйственном комплексе страны
952 Тип литературы __
i Дисциплина Экономика и управление народным хозяйством (связь и информатизация)
952 Тип литературы __
i Дисциплина Национальная экономика (продвинутый курс)
952 Тип литературы __
i Дисциплина Экономика и управление народным хозяйством (по отраслям и сферам деятельности)
952 Тип литературы __
i Дисциплина Проблемы стратегического развития национальной экономики
952 Тип литературы __
i Дисциплина Теория и практика национальной экономики России
952 Тип литературы __
i Дисциплина Актуальные проблемы развития народного хозяйства
952 Тип литературы __
i Дисциплина Инфраструктурное обеспечение деятельности предприятий
952 Тип литературы __
i Дисциплина Инфраструктура потребительского рынка
952 Тип литературы __
i Дисциплина Национальной экономики
952 Тип литературы __
i Дисциплина Системы кластеров в национальной экономике
952 Тип литературы __
i Дисциплина Современная политика развития национальной экономики
952 Тип литературы __
i Дисциплина Структура экономики стран профильного региона
952 Тип литературы __
i Дисциплина Инфраструктура предприятия
952 Тип литературы __
i Дисциплина Социально-экономическая инфраструктура муниципального образования
952 Тип литературы __
i Дисциплина Правовые основы национальной экономики
952 Тип литературы __
i Дисциплина Оценка эффективности информатизации предприятия
952 Тип литературы __
i Дисциплина Экономика стран Восточной Азии
952 Тип литературы __
i Дисциплина Генезис экономических процессов
952 Тип литературы __
i Дисциплина Информатизация и коммуникации в сервисе
952 Тип литературы __
i Дисциплина Экономика современной России
952 Тип литературы __
i Дисциплина Экономика стран Восточной и Юго-Восточной Азии
952 Тип литературы __
i Дисциплина Экономика стран Северо-Восточной Азии
952 Тип литературы __
i Дисциплина Актуальные проблемы социальной, экономической и национальной экономики
952 Тип литературы __
i Дисциплина Прогнозирование и планирование национальной экономики
952 Тип литературы __
i Дисциплина Рыночные институты и инфраструктура
952 Тип литературы __
i Дисциплина Современные технологии отраслей промышленности